000 00628nam a2200217 a 4500
999 _c3129
_d3129
001 3129
003 BD-JhCC
005 20171111095838.0
008 171111s1981 bg |||| |||| 000 0 ben d
035 _a(BD-JhCC) 3129
040 _aBD-JhCC
_dBD-JhCC
041 _aben
082 _a891.443
_bCHA 1981
100 _aচন্দর, কৃষণ
245 _aআমি গাধা বলছি /
_cকৃষণ চন্দর
260 _aঢাকা :
_bমুক্তধারা,
_c১৯৮১.
300 _a৯৮ পৃ. :
_c২১ সেমি.
650 _aBengali novel
942 _2ddc
_cBK